logo

Bir Sreshtho Munshi Abdur Rouf Library
Jhenaidah Cadet College

Tea Chers Training The Islamic Perspective / (Record no. 12501)

MARC details
000 -LEADER
fixed length control field 00703nam a2200253 a 4500
001 - CONTROL NUMBER
JCCL Control Number 12501
003 - CONTROL NUMBER IDENTIFIER
JCCL marc code BD-JhCC
005 - DATE AND TIME OF LATEST TRANSACTION
control field 20220314121258.0
008 - FIXED-LENGTH DATA ELEMENTS--GENERAL INFORMATION
fixed length control field 220314t1996 pk |||| ||a| 000 0 eng d
020 ## - INTERNATIONAL STANDARD BOOK NUMBER
International Standard Book Number 9694480426
035 ## - SYSTEM CONTROL NUMBER
system control number (BD-JhCC)12501
040 ## - CATALOGING SOURCE
Original cataloging agency BD-JhCC
Modifying agency BD-JhCC
041 ## - LANGUAGE CODE
Language code of Book English
082 ## - DEWEY DECIMAL CLASSIFICATION NUMBER
Classification number 378.73297
Author mark and Year IQB 1996
100 ## - MAIN ENTRY--PERSONAL NAME
Personal name Iqbal, Dr M. Zafar
245 ## - TITLE STATEMENT
Title Tea Chers Training The Islamic Perspective /
Statement of responsibility, etc Dr M. Zafar Iqbal.
260 ## - PUBLICATION, DISTRIBUTION, ETC. (IMPRINT)
Place of publication, distribution, etc Pakistan :
Name of publisher, distributor, etc Shirkat Printing press;
Date of publication, distribution, etc 1996.
300 ## - PHYSICAL DESCRIPTION
Pagination 340 p. :
Dimensions 22 cm.
490 ## - SERIES STATEMENT
Series statement Academic Dissertation Series-7
650 ## - SUBJECT ADDED ENTRY--TOPICAL TERM
Topical term or geographic name as entry element Teachers--Training of
650 ## - SUBJECT ADDED ENTRY--TOPICAL TERM
Topical term or geographic name as entry element Islamic Carriculam.
942 ## - ADDED ENTRY ELEMENTS (KOHA)
Source of classification or shelving scheme Dewey Decimal Classification
Koha item type Books
Holdings
Source of classification or shelving scheme Damaged status Not for loan Home library Current library Shelving location Date of accession Cost, normal purchase price Total Checkouts Full call number Barcode Date last seen Copy number Koha item type
Dewey Decimal Classification     JCC Rouf Library JCC Rouf Library General Stacks 06/01/2021 500.00   378.73297 IQB 1996 16716 03/14/2022 C-1 Books

JCC Library | Contacts | JCC Home

Last Update on 23 September 2017
Copyright @ 2017-2020 JCC Rouf Library
Rouf Library, Jhenidah Cadet College (JCC), Bangladesh